Food that Starts with C - Statistics

General Stats
  • This quiz has been taken 161 times
  • The average score is 15 of 20
Answer Stats
Picture Answer % Correct
Carrot
99%
Cherry
97%
Cupcake
93%
Croissant
90%
Cucumber
90%
Cauliflower
88%
Chips
87%
Cinnamon
85%
Cheesecake
82%
Churros
81%
Candy
80%
Chicken
80%
Celery
73%
Cashews
68%
Cantaloupe
65%
Cranberry
61%
Clementine
50%
Crepes
48%
Crayfish
32%
Ceviche
20%
No matching quizzes found
Score Distribution
Percent of People with Each Score
Percentile by Number Answered
Your Score History
You have not taken this quiz